Crime in Nairobi : (Record no. 11501)

000 -LEADER
fixed length control field 00389nam a2200121 4500
008 - FIXED-LENGTH DATA ELEMENTS--GENERAL INFORMATION
fixed length control field 160709b xxu||||| |||| 00| 0 eng d
020 ## - INTERNATIONAL STANDARD BOOK NUMBER
International Standard Book Number 9211316146
050 ## - LIBRARY OF CONGRESS CALL NUMBER
Classification number HV7146.5.Z8S73 2002
100 ## - MAIN ENTRY--PERSONAL NAME
Personal name Stavrou, Aki
Dates associated with a name 2002
245 ## - TITLE STATEMENT
Title Crime in Nairobi :
Remainder of title results of a citywide victim survey/
Statement of responsibility, etc. Aki Stavrou,
260 ## - PUBLICATION, DISTRIBUTION, ETC. (IMPRINT)
Place of publication, distribution, etc. [Nairobi] :
Name of publisher, distributor, etc. UNDP : UN-HABITAT,
Date of publication, distribution, etc. Sept. 2002.
300 ## - PHYSICAL DESCRIPTION
Extent 132 p. :
Other physical details ill,charts, graphs, tables;
Dimensions 21cm.
440 ## - SERIES STATEMENT/ADDED ENTRY--TITLE
Title Safer cities series,
Number of part/section of a work no. 2.
650 ## - SUBJECT ADDED ENTRY--TOPICAL TERM
Topical term or geographic name as entry element Crime
650 ## - SUBJECT ADDED ENTRY--TOPICAL TERM
Topical term or geographic name as entry element Crime
General subdivision victim
Chronological subdivision Nairobi
Geographic subdivision Kenya
942 ## - ADDED ENTRY ELEMENTS (KOHA)
Source of classification or shelving scheme
Koha item type Short Loan Books
Koha issues (borrowed), all copies 1
Holdings
Withdrawn status Lost status Source of classification or shelving scheme Damaged status Not for loan Home library Current library Shelving location Date acquired Source of acquisition Total Checkouts Full call number Barcode Date last seen Date last checked out Price effective from Koha item type
          MACHAKOS UNIVERSITY LIBRARY MACHAKOS UNIVERSITY LIBRARY Short Loan 09/07/2016 Purchase 2 HV7146.5.Z8S73 2002 473 02/11/2019 02/11/2019 09/07/2016 Short Loan Books
© Machakos University Library, Along The Highway, Machakos Wote Rd, Machakos, Kenya P.O. Box 136 - 90100 Machakos - Kenya

Tel: ( +254 ) 723 805829 OR Fax : 044-20353 OR Email: library@mksu.ac.ke